[Event "ch-AUT"]
[Site "Tweng AUT"]
[Date "2007.08.09"]
[Round "6"]
[White "Dietmayer Kraeutler,M"]
[Black "Holzer,G"]
[Result "1-0"]
[WhiteElo "2311"]
[BlackElo "2254"]

1.d4 Nf6 2.c4 e6 3.Nc3 Bb4 4.Qc2 O-O 5.a3 Bxc3+ 6.Qxc3 b6 7.Bg5 h6 8.Bh4 Bb7
9.f3 d5 10.cxd5 exd5 11.Bxf6 Qxf6 12.Qxc7 Ba6 13.e3 Rc8 14.Qg3 Rc2 15.Bxa6 Nxa6
16.Ne2 Re8 17.Kf2 Rxe2+ 18.Kxe2 Qxd4 19.Rhe1 Rxe3+ 20.Kf1 Qxb2 21.Rxe3 Qxa1+
22.Qe1 Qd4 23.Re8+ Kh7 24.Qb1+ g6 25.Qe1 Nc5 26.Qe3 Qd1+ 27.Kf2 d4 28.Qe7 Qc2+
29.Kg3 Qf5 30.Qe5 Qxe5+ 31.Rxe5 Kg7 32.Re7 a5 33.Rc7 d3 34.Kf2 Na4 35.Rc6 b5
36.Ke3 Nb2 37.Rc5 Nc4+ 38.Kxd3 Nxa3 39.Kc3 Kh7 40.Kb3 Nc4 41.Ka2 Ne3 42.g4 Nf1
43.h3 Nd2 44.Rc3 g5 45.Rd3 Nc4 46.Rd5 Ne3 47.Rxb5 Ng2 48.Rb2 Nf4 49.Rh2 Kg6
50.Kb3 Kf6 51.Kc4 Ke5 52.h4 Ng6 53.hxg5 hxg5 54.Rh7 f6 55.Kd3 Kf4 56.Ke2 Ne5
57.Rh6 Nd7 58.Rh8 f5 59.Rd8 Nf6 60.Rd4+ Ke5 61.Ra4 fxg4 62.fxg4 Nd7 63.Ke3 Kf6
64.Rxa5 Ne5 65.Ra6+ Kf7 66.Ra4 Kf6 67.Re4 Nc6 68.Kf3 Ne5+ 69.Kg3 Nc6 70.Re1 Ne5
71.Rf1+ Kg6 72.Rf5 Nf7 73.Kf3 Nh6 74.Ra5 Kf6 75.Ra6+ Kg7 76.Rb6 Kh7 77.Ke4 Nxg4
78.Kf5 Nh6+ 79.Kxg5 Nf7+ 80.Kf6 Nh6 81.Rb7+  1-0

[Event "GM"]
[Site "Dubna RUS"]
[Date "2007.08.10"]
[Round "9"]
[White "Papin,V"]
[Black "Lomako,P"]
[Result "1-0"]
[WhiteElo "2415"]
[BlackElo "2398"]

1.d4 Nf6 2.c4 e6 3.Nc3 Bb4 4.Qc2 O-O 5.a3 Bxc3+ 6.Qxc3 b6 7.Nf3 Bb7 8.e3 d6
9.Be2 Nbd7 10.O-O Ne4 11.Qc2 f5 12.b4 Rf6 13.d5 exd5 14.Bb2 Rg6 15.cxd5 Bxd5
16.Bc4 Bxc4 17.Qxc4+ Kh8 18.Qf7 Ndf6 19.Nh4 Rg4 20.Nxf5 Rg5 21.f3 Nd2 22.Nxg7 Rg6
23.Ne8  1-0

[Event "HZ Open"]
[Site "Vlissingen NED"]
[Date "2007.08.10"]
[Round "8"]
[White "Porte,H"]
[Black "Schuurman,P"]
[Result "1/2-1/2"]
[WhiteElo "2105"]
[BlackElo "2290"]

1.d4 Nf6 2.c4 e6 3.Nc3 Bb4 4.Qc2 O-O 5.e4 d5 6.e5 Ne4 7.Bd3 c5 8.Ne2 cxd4
9.Nxd4 dxc4 10.Bxe4 Qxd4 11.Bf4 f5 12.exf6 Qxf6 13.Be3 h6 14.Rd1 Nc6 15.O-O Kh8
16.Ne2 e5 17.Qxc4 Be6 18.Qb5 Qe7 19.Bxc6 bxc6 20.Qxe5 Bxa2 21.Qxe7 Bxe7 22.Nf4 Kh7
23.Rd7 Bf6 24.Ra1 Rfd8 25.Rxd8 Rxd8 26.f3 Bc4 27.Rxa7 Bxb2 28.Rc7 Rd6 29.Kf2 Be5
30.Ra7 Rd1 31.h4 Rf1+ 32.Kg3 Re1 33.Bf2 Re2 34.Bc5 Ra2 35.Rb7 Bf1 36.Kg4 Bxg2
37.Ne6 Ra5 38.Kf5 Bd6 39.Rxg7+ Kh8 40.Rxg2 Bxc5 41.Nxc5 Rxc5+ 42.Kg6 Rd5
43.Kxh6 Rf5 44.Rg6 Rxf3 45.Rxc6 Kg8 46.h5  1/2-1/2

[Event "Romanian Open"]
[Site "Predeal ROM"]
[Date "2007.08.11"]
[Round "1"]
[White "Grigore,Ge"]
[Black "Garmacea,B"]
[Result "1-0"]
[WhiteElo "2534"]
[BlackElo "2149"]

1.d4 e6 2.c4 Nf6 3.Nc3 Bb4 4.Qc2 O-O 5.a3 Bxc3+ 6.Qxc3 b6 7.Bg5 Ba6 8.Qf3 Nc6
9.e3 Na5 10.Rc1 c5 11.d5 exd5 12.cxd5 Bxf1 13.Kxf1 Re8 14.Nh3 Ne4 15.Bxd8 Nd2+
16.Ke2 Nxf3 17.Bc7 Nd4+ 18.Kd3 Nb5 19.Bg3 c4+ 20.Kc2 c3 21.a4 Nc4 22.b3 Nba3+
23.Kxc3 Ne5 24.Bxe5 Rxe5 25.Kb2  1-0

[Event "17th Chess Festival"]
[Site "Abu Dhabi UAE"]
[Date "2007.08.12"]
[Round "1"]
[White "Yahya,M"]
[Black "Kekelidze,M"]
[Result "1/2-1/2"]
[WhiteElo "2142"]
[BlackElo "2445"]

1.d4 Nf6 2.c4 e6 3.Nc3 Bb4 4.Qc2 O-O 5.a3 Bxc3+ 6.Qxc3 Qe8 7.f3 d6 8.e4 e5
9.Be3 Nfd7 10.Ne2 c5 11.d5 b5 12.g4 bxc4 13.Ng3 Nb6 14.Be2 Na6 15.Nf5 Bxf5
16.gxf5 Nc7 17.f6 Nb5 18.Qd2 gxf6 19.Bh6 Kh8 20.Rg1 Rg8 21.Rxg8+ Qxg8 22.Kf2 Qg6
23.Rg1 Qh5 24.Bg7+ Kg8 25.Bh6+ Kh8 26.Bg7+ Kg8  1/2-1/2

[Event "17th Chess Festival"]
[Site "Abu Dhabi UAE"]
[Date "2007.08.12"]
[Round "1"]
[White "Venkatesh,M"]
[Black "Sundararajan,K"]
[Result "1/2-1/2"]
[WhiteElo "2443"]
[BlackElo "2443"]

1.d4 Nf6 2.c4 e6 3.Nc3 Bb4 4.Qc2 O-O 5.a3 Bxc3+ 6.Qxc3 b6 7.Bg5 Ba6 8.Qf3 Nc6
9.Qe3 Na5 10.Rc1 c5  1/2-1/2

[Event "FSIMA August"]
[Site "Budapest HUN"]
[Date "2007.08.14"]
[Round "9"]
[White "Kahn,E"]
[Black "Izso,D"]
[Result "0-1"]
[WhiteElo "2347"]
[BlackElo "2200"]

1.d4 Nf6 2.c4 e6 3.Nc3 Bb4 4.Qc2 O-O 5.Bg5 h6 6.Bh4 d6 7.Nf3 Nbd7 8.e3 e5
9.O-O-O Bxc3 10.Qxc3 Qe7 11.Nd2 Qe6 12.f3 c6 13.Bd3 d5 14.g4 e4 15.fxe4 Nxe4
16.Nxe4 dxe4 17.Be2 Nb6 18.g5 Qh3 19.Bg3 hxg5 20.d5 cxd5 21.c5 Nd7 22.Rxd5 Qh6
23.h4 g4 24.Rd6 Qh5 25.Rhd1 Nf6 26.Be5 Be6 27.Bxf6 gxf6 28.b4 Qxh4 29.Bc4 Rae8
30.Rf1 Qg5 31.Rxf6 g3 32.Rdxe6 fxe6 33.Rxf8+ Rxf8 34.Bxe6+ Kh7 35.Qd4 g2
36.Qxe4+ Kh6  0-1

[Event "New England Masters"]
[Site "Peabody USA"]
[Date "2007.08.14"]
[Round "3"]
[White "Ippolito,D"]
[Black "Friedel,J"]
[Result "1/2-1/2"]
[WhiteElo "2395"]
[BlackElo "2472"]

1.d4 Nf6 2.c4 e6 3.Nc3 Bb4 4.Qc2 O-O 5.a3 Bxc3+ 6.Qxc3 Ne4 7.Qc2 f5 8.e3 b6
9.Ne2 Bb7 10.f3 Qh4+ 11.g3 Qe7 12.Bg2 Nf6 13.O-O c5 14.b3 Nc6 15.Bb2 a5 16.Rfe1 a4
17.bxa4 Na5 18.Nf4 cxd4 19.exd4 Rfc8 20.Bf1 Bxf3 21.Qxf5 exf5 22.Rxe7 Nxc4
23.Bxc4+ Rxc4 24.d5 Rf8 25.Rf1 Be4 26.Bxf6 Rxf6 27.Rxd7 Rc2 28.Rf2 Rc1+ 29.Rf1 Rc2
30.Rf2 Rc1+  1/2-1/2

[Event "Romanian Open"]
[Site "Predeal ROM"]
[Date "2007.08.14"]
[Round "5"]
[White "Grigore,Ge"]
[Black "Barnaure,V"]
[Result "1/2-1/2"]
[WhiteElo "2534"]
[BlackElo "2467"]

1.d4 e6 2.c4 Nf6 3.Nc3 Bb4 4.Qc2 O-O 5.a3 Bxc3+ 6.Qxc3 b6 7.Bg5 Ba6 8.Qf3 Nc6
9.e3 Na5 10.Rc1 c5 11.d5 exd5 12.cxd5 Bxf1 13.Kxf1 Nb3 14.Rc2 Re8 15.Bxf6 Qxf6
16.Qxf6 gxf6 17.Ne2 Re5 18.Nf4 f5 19.h3 f6  1/2-1/2

[Event "Romanian Open"]
[Site "Predeal ROM"]
[Date "2007.08.14"]
[Round "5"]
[White "Miron,L"]
[Black "Zoler,D"]
[Result "1-0"]
[WhiteElo "2351"]
[BlackElo "2465"]

1.d4 Nf6 2.c4 e6 3.Nc3 Bb4 4.Qc2 O-O 5.a3 Bxc3+ 6.Qxc3 d6 7.Bg5 h6 8.Bh4 Nbd7
9.e3 b6 10.Bd3 Bb7 11.f3 c5 12.Ne2 Rc8 13.O-O d5 14.cxd5 cxd4 15.Qxd4 e5
16.Bxf6 Qxf6 17.Qe4 g6 18.b4 Rfd8 19.Rfd1 Qd6 20.Qh4 Kg7 21.e4 a5 22.Qe1 axb4
23.axb4 Rc7 24.Rdc1 Rdc8 25.Rxc7 Rxc7 26.Rc1 Rxc1 27.Nxc1 f5 28.exf5 Qxd5
29.fxg6 Qd4+ 30.Kh1 Nf6 31.Bf5 Ba6 32.Nb3 Qb2 33.Na1 Bb7 34.Qb1 Qc3 35.h3 Bxf3
36.gxf3 Qxf3+ 37.Kg1 Qg3+ 38.Kf1 Qf3+ 39.Ke1 e4 40.Qb3 Qh1+ 41.Kd2 e3+ 42.Qxe3 Qh2+
43.Kc1 Qd6 44.Nc2 h5 45.Qd4 Qg3 46.Kb2 h4 47.Qc3 Qd6 48.Nd4 Qh2+ 49.Bc2 Qf2
50.Ne6+ Kh6 51.g7 Ng8 52.Qe5 Qd2 53.Qd4  1-0

[Event "New England Masters"]
[Site "Peabody USA"]
[Date "2007.08.15"]
[Round "5"]
[White "Sarkar,J"]
[Black "Milman,L"]
[Result "1/2-1/2"]
[WhiteElo "2403"]
[BlackElo "2499"]

1.d4 Nf6 2.c4 e6 3.Nc3 Bb4 4.Qc2 O-O 5.a3 Bxc3+ 6.Qxc3 b6 7.Bg5 Bb7 8.e3 d6
9.Ne2 Nbd7 10.Qd3 h6 11.Bh4 c5 12.Nc3 Qe7 13.Rd1 Rfd8 14.d5 exd5 15.Nxd5 Bxd5
16.cxd5 b5 17.Be2 c4 18.Qd4 Re8 19.b3 cxb3 20.Bxb5 g5 21.Bg3 Rab8 22.a4 Rb6
23.h4 Qe4 24.hxg5 Qxd4 25.Rxd4 hxg5 26.Ke2 b2 27.Rb1 Re4 28.Bxd7 Rxd4 29.exd4 Nxd7
30.a5 Rb5 31.Bxd6 Rxa5 32.Rxb2 Rxd5 33.Bc7 Rxd4 34.Ra2  1/2-1/2

[Event "TCh-ESP CECLUB Norte Div 1"]
[Site "Sabadell ESP"]
[Date "2007.08.16"]
[Round "3"]
[White "Romon Poves,R"]
[Black "Cortes Lizano,J"]
[Result "0-1"]
[WhiteElo "2211"]
[BlackElo "2289"]

1.d4 Nf6 2.c4 e6 3.Nc3 Bb4 4.Qc2 O-O 5.a3 Bxc3+ 6.Qxc3 Ne4 7.Qc2 f5 8.Nh3 Nc6
9.e3 e5 10.d5 Ne7 11.f3 Nf6 12.Be2 d6 13.Nf2 c6 14.e4 fxe4 15.fxe4 cxd5 16.cxd5 Qb6
17.O-O Ng6 18.Kh1 Bg4 19.Bg5 Rac8 20.Qd2 Bxe2 21.Qxe2 Nh5 22.g3 Nf6 23.Rac1 Rxc1
24.Rxc1 Nxd5 25.Ng4 Nde7 26.h4 h6 27.Be3 Qb3 28.h5 Nh8 29.Rc7 Qe6 30.Rxb7 Nf7
31.Nf2 d5 32.Qg4 Qa6 33.Rxe7 Qf1+ 34.Kh2 Ng5 35.Rxg7+ Kxg7 36.exd5 Kh8  0-1

[Event "New England Masters"]
[Site "Peabody USA"]
[Date "2007.08.17"]
[Round "8"]
[White "Sarkar,J"]
[Black "Burnett,R"]
[Result "1/2-1/2"]
[WhiteElo "2403"]
[BlackElo "2373"]

1.d4 Nf6 2.c4 e6 3.Nc3 Bb4 4.Qc2 O-O 5.Nf3 c5 6.dxc5 Na6 7.Bd2 Nxc5 8.a3 Bxc3
9.Bxc3 b6 10.Ng5 Re8 11.b4 h6 12.Nxf7 Kxf7 13.bxc5 bxc5 14.e3 Bb7 15.Bd3 Kg8
16.O-O Qe7 17.Rab1 Bc6 18.Bxf6 Qxf6 19.Be4 d5 20.Bf3 Rac8 21.cxd5 Bxd5 22.e4 Ba8
23.Qc4 Qe5  1/2-1/2

[Event "LNA Copa Puma"]
[Site "Argentina ARG"]
[Date "2007.08.18"]
[Round "2"]
[White "Fernandez,Maria"]
[Black "Carraro,De"]
[Result "0-1"]
[WhiteElo "2026"]
[BlackElo "2048"]

1.d4 Nf6 2.c4 e6 3.Nc3 Bb4 4.Qc2 O-O 5.a3 Bxc3+ 6.Qxc3 b6 7.Nf3 Bb7 8.Bg5 d6
9.e3 Nbd7 10.Be2 c5 11.Rc1 Rc8 12.O-O Ne4 13.Bxd8 Nxc3 14.Rxc3 Rfxd8 15.Rd1 Kf8
16.Rcd3 Ke7 17.Nd2 d5 18.Bf1 Ba6 19.b3 Rc7 20.e4 dxc4 21.Nxc4 Bxc4 22.bxc4 cxd4
23.Rxd4 Rdc8 24.f4 Nc5 25.e5 Nb3 26.Rd6 Na5 27.g3 g5 28.f5 exf5 29.Bd3 Nxc4
30.Bxc4 Rxc4 31.Rd7+ Ke6 32.Rxa7 Kxe5 33.Rxf7 Rc1 34.Rxc1 Rxc1+ 35.Kf2 Rc2+
36.Kg1 Ke4 37.Rf6 Rb2 38.Kh1 f4 39.gxf4 gxf4 40.Kg1 Kf3 41.h4 Kg3  0-1

[Event "20th Open"]
[Site "Panevezys LTU"]
[Date "2007.08.20"]
[Round "4"]
[White "Malinin,Y"]
[Black "Novikovas,A"]
[Result "1-0"]
[WhiteElo "2374"]
[BlackElo "1887"]

1.d4 Nf6 2.c4 e6 3.Nc3 Bb4 4.Qc2 O-O 5.a3 Bxc3+ 6.Qxc3 b6 7.Bg5 Bb7 8.f3 h6
9.Bh4 d5 10.e3 Nbd7 11.cxd5 Nxd5 12.Bxd8 Nxc3 13.Bh4 Nd5 14.Bf2 c5 15.e4 Ne7
16.Bb5 Rfd8 17.dxc5 Nxc5 18.Bxc5 bxc5 19.Ne2 Nc6 20.Rc1 Nd4 21.Rxc5 Rac8
22.Rxc8 Rxc8 23.Bd3 Nb3 24.Kf2 g5 25.Rd1 Nc5 26.Bb1 Na4 27.Rd2 Ba6 28.Nd4 Rc1
29.Ba2 Nc5 30.b4 Rf1+ 31.Kg3 Na4 32.b5 Bb7 33.Nb3 Nc3 34.Nc5 Nxa2 35.Rxa2 Bc8
36.Rd2  1-0

[Event "20th Open"]
[Site "Panevezys LTU"]
[Date "2007.08.21"]
[Round "5"]
[White "Surzikovs,R"]
[Black "Klimciauskas,D"]
[Result "0-1"]
[WhiteElo "1880"]
[BlackElo "2162"]

1.d4 Nf6 2.c4 e6 3.Nc3 Bb4 4.Qc2 O-O 5.Bg5 h6 6.Bh4 Nc6 7.Nf3 g5 8.Bg3 g4
9.d5 exd5 10.cxd5 Nxd5 11.Ne5 Nxe5 12.Bxe5 d6 13.Bg3 Qf6 14.Rc1 Bf5 15.Qb3 Be6
16.Qc2 Rfe8 17.a3 Bf5 18.Qb3 Nxc3 19.bxc3 Bc5 20.h3 h5 21.hxg4 Bxg4 22.Bh4 Qf4
23.Rc2 Be6 24.Qb2 Qa4 25.Qc1 Bf5 26.Ra2 Qb3 27.Ra1 Re6 28.e3 Rae8 29.Be2 Bxe3
30.fxe3 Bg4 31.O-O Bxe2 32.Rf2 Bd3 33.Bg5 Rg6 34.Bf4 Qd5 35.Qd2 c5 36.Rb1 c4
37.Rb4 b6 38.Qb2 Be4 39.Rb5 Qd1+ 40.Kh2 d5 41.Qe2 Qxe2 42.Rxe2 a6 43.Rbb2 b5
44.Rf2 f5 45.Rfd2 Kf7 46.Rf2 Re7 47.Rfd2 Rb7 48.Be5 a5 49.Bd4 Ke6 50.Bc5 Kd7
51.Bd4 Rg8 52.Be5 Ke6 53.Bf4 Rc8 54.Bh6 Ra8 55.Ra2 Kf6 56.Bf4 Ra6 57.Rdb2 Rab6
58.Bg3 Ke6 59.Be1 Kd7 60.Bd2 Rg6 61.Be1 Rc6 62.Bd2 f4 63.exf4 d4 64.g3 Ke6
65.Ra1 Kf5 66.Rc1 b4 67.axb4 axb4 68.Rxb4 Rxb4 69.cxb4 c3 70.Be1 Kg4 71.Kg1 Rb6
72.Bxc3 dxc3 73.Rxc3 Rxb4 74.Kf2 Rb2+ 75.Ke3 Bf5 76.Kd4 Rg2 77.Ke5 Rxg3 78.Rxg3+ Kxg3
79.Kxf5 h4 80.Kg5 h3 81.f5 h2 82.Kg6 h1=Q 83.Kg7 Qb7+ 84.Kg6 Qc8 85.f6 Qf8
86.f7 Kg4 87.Kf6 Kh5  0-1

[Event "15th Open"]
[Site "Nikea GRE"]
[Date "2007.08.23"]
[Round "1"]
[White "Koursaris,N"]
[Black "Petkov,V"]
[Result "1/2-1/2"]
[WhiteElo "1916"]
[BlackElo "2520"]

1.d4 Nf6 2.c4 e6 3.Nc3 Bb4 4.Qc2 O-O 5.Nf3 c5 6.e3 d5 7.Bd2 cxd4 8.exd4 Nc6
9.a3 Bd6 10.c5 Bb8 11.Bb5 e5 12.Bxc6 bxc6 13.Nxe5 Ng4 14.Nxg4 Bxg4 15.O-O Qf6
16.Be3 Re8 17.Ne2 Bc7 18.Qd2 h5 19.f3 Bd7 20.Bf2 h4 21.f4 h3 22.Bg3 hxg2
23.Kxg2 Re4 24.Rad1 Rae8 25.Nc3 R4e7 26.Qf2 Qf5 27.Rfe1 Qh5 28.Rxe7 Rxe7
29.Re1 Bd8 30.Rxe7 Bxe7 31.Qe2 Qh3+ 32.Kf2 Bf6 33.Qe3 Qf5 34.Ne2 Qb1 35.b4 Bg4
36.f5 Qxf5+ 37.Ke1 Qb1+ 38.Kf2 Qb2 39.Be5 Bg5 40.Qxg5 Qxe2+ 41.Kg1 Qe1+ 42.Kg2 Qe4+
43.Kg1 f6 44.Bxf6 Qe1+ 45.Kg2 Qe2+ 46.Kg1 Qd1+ 47.Kg2 Qf3+ 48.Kg1 Qd1+ 49.Kg2 Qf3+  1/2-1/2

[Event "Open A"]
[Site "Polanica Zdroj POL"]
[Date "2007.08.25"]
[Round "9"]
[White "Shishkin,Va UKR"]
[Black "Socko,M"]
[Result "1-0"]
[WhiteElo "2543"]
[BlackElo "2479"]

1.d4 Nf6 2.c4 e6 3.Nc3 Bb4 4.Qc2 O-O 5.a3 Bxc3+ 6.Qxc3 d6 7.Bg5 Nbd7 8.e3 b6
9.Ne2 Bb7 10.Qc2 c5 11.Rd1 Qe7 12.Nc3 cxd4 13.Rxd4 e5 14.Rd1 Qe6 15.Nb5 Ne8
16.e4 h6 17.Be3 Nc5 18.f3 Qg6 19.b4 Ne6 20.Qf2 f5 21.exf5 Qxf5 22.Be2 Nf4
23.O-O Rf6 24.Bxf4 Qxf4 25.Bd3 Qg5 26.Qe2 a5 27.Nc3 axb4 28.axb4 Ra3 29.Ne4 Bxe4
30.Bxe4 Kf8 31.Ra1 Rxa1 32.Rxa1 Rf7 33.Qf2 Rc7 34.Bd3 Qf4 35.g3 Qf6 36.Ra6 Qg5
37.Rxb6 Qc1+ 38.Kg2 Qc3 39.Bf1 Rf7 40.Rb8 e4 41.f4 g5 42.f5 e3 43.Qf3 Qc2+
44.Be2 Rxf5 45.Qxe3 Re5 46.Qf2+ Kg8 47.Bh5 Qxc4 48.Bxe8 Qd5+ 49.Qf3 Qa2+
50.Kh3 Qe6+ 51.Qg4 Qf6 52.Bh5+ Kg7 53.Rb7+ Re7 54.Rxe7+ Qxe7  1-0

[Event "XV Open"]
[Site "Albacete ESP"]
[Date "2007.09.03"]
[Round "3"]
[White "Jimenez Martinez,Jo"]
[Black "Guliev,L"]
[Result "0-1"]
[WhiteElo "2207"]
[BlackElo "2454"]

1.d4 Nf6 2.c4 e6 3.Nc3 Bb4 4.Qc2 O-O 5.e4 d6 6.Bd3 e5 7.d5 Nbd7 8.Ne2 Nc5
9.O-O Bxc3 10.Nxc3 a5 11.Bg5 h6 12.Be3 Nxd3 13.Qxd3 Nh5 14.f4 exf4 15.Bxf4 Qe7
16.Rae1 Nxf4 17.Rxf4 f5 18.Qg3 g5 19.exf5 Qxe1+ 20.Qxe1 gxf4 21.f6 Bf5 22.Qh4 Kh7
23.Nb5 Rae8 24.Nd4 Kg6 25.Nxf5 Kxf5 26.Qxh6 Rf7 27.Kf2 c6 28.h4 Rg8 29.b3 c5
30.Kf3 Rg3+ 31.Kf2 Rg6 32.Qh8 Kg4 33.h5 Rgxf6 34.h6 Kh5 35.h7 Rh6 36.Qc8 Rhxh7
37.Qe6 b6 38.Qxd6 Rh6 39.Qe5+ Kg4 40.Qe2+ Kh4 41.Qe8 Rff6 42.Qe5 Kg4 43.Qe2+ Kf5
44.Qe8 Rhg6 45.Qh8 Ke5 46.Qh5+ Kd4 47.Qd1+ Ke4 48.Qf3+ Kf5 49.Qh5+ Rg5 50.Qh3+ Kg6
51.Qh8 Kf7 52.Qh7+ Kf8 53.Qh8+ Ke7 54.Qh7+ Kd6 55.Qb7 Rfg6 56.Qxb6+ Ke5 57.Qxc5 Rxg2+
58.Kf1 Ke4 59.d6 Rd2 60.Qc6+ Ke3 61.Qc5+ Ke4 62.Qc6+ Ke3 63.Qc5+ Kf3 64.Qc6+ Ke3
65.Qc5+ Kf3 66.Qh5+ Rg4 67.Ke1 Rxd6 68.c5 Re6+ 69.Kd2 Kg3 70.Qh1 f3 71.Qg1+ Kh4
72.Qf2+ Rg3 73.Kd3 Kh3 74.Kd4 Re2 75.Qf1+ Kh2 76.Qc1 f2 77.c6 Re1 78.Qh6+ Kg2
79.c7 Rg8 80.Qf4 Ree8  0-1

[Event "4th LGA Premium Cup"]
[Site "Nuernberg GER"]
[Date "2007.09.07"]
[Round "2"]
[White "Rau,H"]
[Black "Baeuml,U"]
[Result "1-0"]
[WhiteElo "2412"]
[BlackElo "2111"]

1.d4 e6 2.c4 Bb4+ 3.Nc3 Nf6 4.Qc2 O-O 5.a3 Bxc3+ 6.Qxc3 Ne4 7.Qc2 f5 8.Nh3 b6
9.f3 Nf6 10.e3 Bb7 11.Bd3 d6 12.O-O Nbd7 13.d5 exd5 14.Nf4 Qe7 15.cxd5 g6
16.Qxc7 Rab8 17.Qc3 Rbc8 18.Qd4 Nc5 19.Bc4 g5 20.Ne2 b5 21.Ba2 a5 22.b4 axb4
23.axb4 Na4 24.Bb3 Rc7 25.Bd2 Rfc8 26.Ng3 Nc3 27.Rac1 Qe5 28.Qxe5  1-0

[Event "4th LGA Premium Cup"]
[Site "Nuernberg GER"]
[Date "2007.09.08"]
[Round "4"]
[White "Martin Fernandez,R"]
[Black "Prusikin,M"]
[Result "0-1"]
[WhiteElo "2114"]
[BlackElo "2569"]

1.d4 Nf6 2.c4 e6 3.Nc3 Bb4 4.Qc2 O-O 5.a3 Bxc3+ 6.Qxc3 Ne4 7.Qd3 f5 8.Nf3 b6
9.g3 Bb7 10.Bg2 Nf6 11.O-O Be4 12.Qc3 Qe8 13.b4 Nc6 14.Bb2 Ne7 15.b5 Qh5
16.a4 f4 17.Ba3 d6 18.Rad1 Rf7 19.Nd2 Bxg2 20.Kxg2 Raf8 21.h3 Qg6 22.e4 fxg3
23.Qxg3 Qh6 24.Qe3 Qg6+ 25.Qg3 Nh5 26.Qxg6 Nxg6  0-1

[Event "3rd Geller mem Open A"]
[Site "Odessa UKR"]
[Date "2007.09.12"]
[Round "5"]
[White "Makarov,P"]
[Black "Lomakin,V"]
[Result "1-0"]
[WhiteElo "2157"]
[BlackElo "2086"]

1.d4 Nf6 2.c4 e6 3.Nc3 Bb4 4.Qc2 O-O 5.a3 Bxc3+ 6.Qxc3 c5 7.dxc5 a5 8.b4 axb4
9.axb4 Ne4 10.Qb2 Rxa1 11.Qxa1 Nc6 12.Qa3 d5 13.e3 Ne5 14.cxd5 exd5 15.Be2 Qg5
16.Kf1 Qh4 17.g3 Nxg3+ 18.fxg3 Qe4 19.Qc3 Qxh1 20.Qxe5 Bh3+ 21.Ke1 Qxg1+
22.Kd2 Qg2 23.Bb2 f6 24.Qd4 Bd7 25.Kd1 Ba4+ 26.Kc1 Qxh2 27.Kd2 Qg2 28.Ke1 Qe4
29.Qxe4 dxe4 30.Bc4+ Kh8 31.Kd2 Rd8+ 32.Bd4 Bc6 33.Kc3 h6 34.b5 Be8 35.Kb4 Kh7
36.Ka5 Ra8+ 37.Kb6 Ra4 38.Bd5 f5 39.Bxb7 Rb4 40.c6 g5 41.Bc5 Rb3 42.Bc8 Kg6
43.Be6 Rb1 44.Bd5 h5 45.Bd4 h4 46.gxh4 gxh4 47.Kc5 Kg5 48.b6 Kg4 49.b7 f4
50.exf4 Kxf4 51.c7  1-0

[Event "KNSB TCh-NED 2007-8"]
[Site "Netherlands NED"]
[Date "2007.09.15"]
[Round "1"]
[White "Cardon,H"]
[Black "Gustafsson,J"]
[Result "1/2-1/2"]
[WhiteElo "2398"]
[BlackElo "2606"]

1.d4 Nf6 2.c4 e6 3.Nc3 Bb4 4.Qc2 O-O 5.e4 d5 6.e5 Ne4 7.a3 Bxc3+ 8.bxc3 c5
9.Bd3 cxd4 10.cxd4 Qa5+ 11.Kf1 Nc6 12.Ne2 f6 13.Bxe4 dxe4 14.exf6 Qf5 15.Be3 Qxf6
16.Qxe4 e5 17.dxe5 Nxe5 18.Bd4 Nxc4 19.Bxf6 Nd2+ 20.Kg1 Nxe4 21.Bd4 b6 22.Ng3 Rd8
23.Be3 Nc3 24.h3 Nd1 25.Bc1 Ba6 26.f3 Rac8 27.Ne4 Bb7 28.Bg5 Rd5 29.Bf4 Nc3
30.Nxc3 Rxc3 31.Kh2 g5 32.Rhc1 Rxc1 33.Bxc1 Rd1 34.Kg3 Kf7 35.h4 gxh4+ 36.Kxh4 Ke6
37.Kg3 Kd5 38.Bb2 Rxa1 39.Bxa1 a5 40.Bf6 b5 41.Bc3 b4 42.axb4 axb4 43.Bxb4 Ke6
44.Kf4 Kf7 45.Kg5 Bd5 46.Bc3 Ba2 47.f4 Bb3 48.g4 Bd1 49.f5 Kg8 50.Kf4 Kf7
51.g5 Bc2 52.Ke5 Bb1 53.Bb4  1/2-1/2

[Event "FSGM October"]
[Site "Budapest HUN"]
[Date "2007.10.07"]
[Round "2"]
[White "Hoang Thanh Trang"]
[Black "Bui Vinh"]
[Result "1/2-1/2"]
[WhiteElo "2466"]
[BlackElo "2461"]

1.d4 Nf6 2.c4 e6 3.Nc3 Bb4 4.Qc2 O-O 5.a3 Bxc3+ 6.Qxc3 b6 7.Nf3 Bb7 8.e3 d6
9.b4 Ne4 10.Qc2 Qe7 11.Be2 f5 12.Bb2 a5 13.O-O Nd7 14.Rfd1 axb4 15.axb4 Rxa1
16.Rxa1  1/2-1/2

[Event "FSIM October"]
[Site "Budapest HUN"]
[Date "2007.10.08"]
[Round "3"]
[White "Gauri,S"]
[Black "Ignacz,M"]
[Result "1/2-1/2"]
[WhiteElo "2251"]
[BlackElo "2223"]

1.d4 Nf6 2.c4 e6 3.Nc3 Bb4 4.Qc2 O-O 5.a3 Bxc3+ 6.Qxc3 b6 7.Bg5 Bb7 8.e3 d6
9.Ne2 Nbd7 10.Qd3 Ba6 11.Nc3 d5 12.Qc2 Bxc4 13.Bxc4 dxc4 14.Qa4 c5 15.Rd1 cxd4
16.Rxd4 Qc7 17.Rxc4 Qb7 18.O-O h6 19.Bxf6 Nxf6 20.Rd1 Rfd8 21.Rcd4 Qe7 22.h3 Rxd4
23.Rxd4 Rd8 24.Rxd8+ Qxd8 25.Qxa7 Qd2 26.Qxb6 Qe1+ 27.Kh2 Qxf2 28.Qd8+ Kh7
29.Qd3+ g6 30.Qe2 Qh4 31.Qf3 Kg7 32.Qf4 Qh5 33.Ne4 Nd5 34.Qg3 Kh7 35.Nc3 Nxc3
36.bxc3 Qc5 37.Qf4 Kg8 38.c4 Qxa3 39.Qb8+ Kh7 40.Qe5 Qc1 41.c5 h5 42.Qd4 Kg8
43.h4 Kh7 44.Kg3 Qe1+ 45.Kh2 Qc1 46.Kg3 Qe1+ 47.Kh2 Qc1 48.Qe5 Kg8 49.Qd6 Qxe3
50.c6 Qe4 51.Qd8+ Kg7 52.c7 Qe5+ 53.Kg1 Qe1+ 54.Kh2 Qe5+ 55.Kh3 Qe3+ 56.Kh2 Qe5+
57.Kh3 Qe3+ 58.g3 Qe4 59.Kh2  1/2-1/2

[Event "TCh-HUN 2007-8"]
[Site "Budapest HUN"]
[Date "2007.10.14"]
[Round "1"]
[White "Varga,Cs2"]
[Black "Acs,P"]
[Result "1/2-1/2"]
[WhiteElo "2367"]
[BlackElo "2548"]

1.d4 Nf6 2.c4 e6 3.Nc3 Bb4 4.Qc2 O-O 5.a3 Bxc3+ 6.Qxc3 d6 7.Nf3 b6 8.g3 Nbd7
9.Bg2 Bb7 10.O-O Rc8 11.b4 c5 12.dxc5 bxc5 13.b5 d5 14.e3 dxc4 15.Qxc4 Qb6
16.a4 Bd5 17.Qe2 Qb7 18.Bb2 c4 19.Bxf6 Nxf6 20.Rfc1 Rc5 21.Ra3 Rfc8 22.Ne1 Bxg2
23.Nxg2 c3 24.Qd3 Ne4 25.f3 Nd2 26.Ne1 Qc7 27.a5 g5 28.b6 axb6 29.axb6 Qxb6
30.Raxc3 Rxc3 31.Rxc3 Rd8 32.Qe2 Qb1  1/2-1/2

[Event "3rd Arctic Cup"]
[Site "Salekhard RUS"]
[Date "2007.10.15"]
[Round "8"]
[White "Rojicek,V"]
[Black "Borate,S"]
[Result "1-0"]
[WhiteElo "2355"]
[BlackElo "1918"]

1.d4 Nf6 2.c4 e6 3.Nc3 Bb4 4.Qc2 O-O 5.a3 Bxc3+ 6.Qxc3 b6 7.Bg5 Bb7 8.f3 h6
9.Bh4 c5 10.dxc5 bxc5 11.e3 Nc6 12.Ne2 Qe7 13.Bxf6 Qxf6 14.Qxf6 gxf6 15.O-O-O Ne5
16.Nc3 a6 17.Be2 Rfd8 18.Rd6 Bc6 19.f4 Ng6 20.Bf3 Bxf3 21.gxf3 Ne7 22.Ne4 Nf5
23.Rxd7 Rxd7 24.Nxf6+ Kg7 25.Nxd7 Nxe3 26.Rg1+ Kh8 27.b3 Rc8 28.Kb2 a5 29.Kc3 Rc7
30.Nf6 Rc8 31.Ne4 Rc7 32.h3 Rc8 33.Nxc5 Nd5+ 34.Kd4 Nxf4 35.Ke3 Nxh3 36.Rh1 Rxc5
37.Rxh3 a4 38.Kd4 Rc8 39.b4 Rd8+ 40.Kc5 Rd3 41.b5 Rxa3 42.b6 Rb3 43.Kc6 a3
44.Rh1 Kg7 45.b7 Rb4 46.c5 a2 47.Ra1 h5 48.Kc7  1-0

[Event "TCh-ROU Superliga"]
[Site "Predeal ROU"]
[Date "2007.10.18"]
[Round "6"]
[White "Danilov,I"]
[Black "Erdos,V"]
[Result "1/2-1/2"]
[WhiteElo "2414"]
[BlackElo "2551"]

1.d4 e6 2.c4 Nf6 3.Nc3 Bb4 4.Qc2 O-O 5.Bg5 h6 6.Bh4 c5 7.dxc5 Na6 8.Nf3 Nxc5
9.a3 Qa5 10.Bxf6 gxf6 11.Rc1 Bxc3+ 12.Qxc3 Qxc3+ 13.Rxc3 b6 14.e3 Ba6 15.Be2 Rac8
16.Nd2 Na4 17.Rc2 d5 18.b3 Nc5 19.O-O dxc4 20.Bxc4 Bxc4 21.Rxc4 Rfd8 22.Rc2 Nd3
23.Rxc8 Rxc8 24.g4 Kg7 25.Ne4 h5 26.Rd1 Rc1 27.Rxc1 Nxc1 28.gxh5 Nxb3 29.Nd6 Nd2
30.h6+ Kg6 31.a4 Nb3 32.Nc8 Nc5 33.Nxa7 Nxa4 34.Nb5 Kxh6 35.Kg2 Nc5 36.f3 Nd3
37.Kg3 Kh5 38.Nd6 f5 39.f4 Nc5 40.Nxf7 b5 41.Kf3 b4 42.Ke2 Kg4 43.Ng5 e5
44.h3+ Kh5 45.Nf3 exf4 46.exf4 Ne6 47.Ke3 b3 48.Kd2 Nxf4 49.Nd4 b2 50.Kc2 b1=Q+
51.Kxb1 Nxh3 52.Nxf5  1/2-1/2

[Event "IV Festival"]
[Site "Figueira da Foz POR"]
[Date "2007.11.01"]
[Round "5"]
[White "Alho,D"]
[Black "Dias,P"]
[Result "0-1"]
[WhiteElo "2244"]
[BlackElo "2443"]

1.d4 Nf6 2.c4 e6 3.Nc3 Bb4 4.Qc2 O-O 5.a3 Bxc3+ 6.Qxc3 b6 7.f3 d5 8.Bg5 Bb7
9.e3 Re8 10.Rc1 h6 11.Bh4 Nbd7 12.Nh3 Rc8 13.c5 bxc5 14.dxc5 c6 15.Bd3 Ne4
16.Bxd8 Nxc3 17.Rxc3 Rcxd8 18.Kf2 e5 19.Re1 Nf6 20.Ng1 e4 21.Bf1 d4 22.exd4 Rxd4
23.Rb3 Bc8 24.Ne2 Rd2 25.Kg1 exf3 26.gxf3 Ba6  0-1

[Event "ch-IND w"]
[Site "Pune IND"]
[Date "2007.11.07"]
[Round "3"]
[White "Harika,D"]
[Black "Karavade,E"]
[Result "1/2-1/2"]
[WhiteElo "2480"]
[BlackElo "2331"]

1.d4 Nf6 2.c4 e6 3.Nc3 Bb4 4.Qc2 O-O 5.a3 Bxc3+ 6.Qxc3 d6 7.Bg5 Nbd7 8.e3 b6
9.Ne2 c5 10.dxc5 bxc5 11.Rd1 Qb6 12.f3 Rb8 13.Rd2 Bb7 14.Nc1  1/2-1/2

[Event "TCh-HUN 2007-8"]
[Site "Budapest HUN"]
[Date "2007.11.11"]
[Round "2"]
[White "Banusz,T"]
[Black "Taskovits,I"]
[Result "1-0"]
[WhiteElo "2491"]
[BlackElo "2336"]

1.d4 Nf6 2.c4 e6 3.Nc3 Bb4 4.Qc2 O-O 5.a3 Bxc3+ 6.Qxc3 b6 7.Bg5 Bb7 8.f3 d5
9.e3 Nbd7 10.Nh3 h6 11.Bh4 c5 12.cxd5 cxd4 13.Qxd4 e5 14.Qd1 Bxd5 15.Be2 Be6
16.Nf2 Qe7 17.O-O Rfd8 18.Qe1 Rac8 19.b4 Bc4 20.Rc1 Qe6 21.Ng4 Bxe2 22.Qxe2 e4
23.Qb2 Rxc1 24.Rxc1 exf3 25.gxf3 g5 26.Nxh6+ Kh7 27.Bxg5 Ne5 28.Rf1 Kg7 29.Qg2 Kh7
30.e4 Nc4 31.Nf5  1-0